A bill to amend an act to organize forces to serve during the war.

Bibliographic Details
Corporate Author: Confederate States of America. Congress. House of Representatives
Format: Microform Book
Language:English
Published: [Richmond] : [publisher not identified], [1865]
Series:Confederate imprints, 1861-1865 ; reel 8, no. 542.
Subjects:

MARC

Tag First Indicator Second Indicator Subfields
LEADER 00000cam a2200000 a 4500
001 in00001189331
005 20151002062218.0
007 hd afv---baca
008 890602s1865 xx a f000 0 eng d
035 |a (OCoLC)19806812 
035 |9 AGJ5823AM 
040 |a FEI  |c FEI  |d UtOrBLW 
043 |a n-usu-- 
049 |a TXAI 
090 |a E487  |b .C66 1974 reel 8 no. 542 
099 |a Film   |a  B 1664  |a reel 8, no. 542. 
110 1 |a Confederate States of America.  |b Congress.  |b House of Representatives. 
245 1 2 |a A bill to amend an act to organize forces to serve during the war. 
264 1 |a [Richmond] :  |b [publisher not identified],  |c [1865] 
300 |a 3 pages ;  |c 25 cm. 
336 |a text  |b txt  |2 rdacontent 
337 |a microform  |b h  |2 rdamedia 
338 |a microfilm reel  |b hd  |2 rdacarrier 
500 |a Caption title. 
500 |a At head of title: (Secret Session.) (House bill number 370.) House of Representatives, Feb. 14, 1865.--Read first and second times; postponed; made order of day for to-morrow, 12 o'clock; to be printed. (By Mr. J.M. Smith, from Committee on Military Affairs.). 
500 |a Filmed from the holdings of the Boston Athenaeum. 
533 |a Microfilm.  |b New Haven, Conn. :  |c Research Publications,  |d [1974].  |e On reel 8 of 143 microfilm reels ; 35 mm.  |f (Confederate imprints, 1861-1865 ; reel 8, no. 542). 
539 |a s  |b 1974  |d ctu  |e n 
500 |a Microform. 
650 0 |a Draft  |x Law and legislation  |z Confederate States of America. 
740 0 |a Act to organize forces to serve during the war. 
830 0 |a Confederate imprints, 1861-1865 ;  |v reel 8, no. 542. 
999 |a MARS 
999 f f |s a58eed76-42e1-351a-b284-02e9a5105d80  |i 9757db92-aa36-3403-9b71-9c480b42d7c5  |t 0 
952 f f |p default  |a Texas A&M University  |b College Station  |c Sterling C. Evans Library  |d Evans: Microforms (3rd floor)  |t 0  |e Film B 1664 reel 8, no. 542.  |h Other scheme  |i microform -- microfilm reel 
998 f f |a Film B 1664 reel 8, no. 542.  |t 0  |l Evans: Microforms (3rd floor)